Kluby piłkarskie z Kujawsko-Pomorskiego - Statystyki

Ogólne statystyki
  • Ten quiz został rozwiązany 22 razy
    21 od ostatniego zresetowania
  • Średni wynik to 5 z 22
Statystyki odpowiedzi
Hint Odpowiedź % Poprawnych
III Liga Zawisza Bydgoszcz
88%
III Liga Elana Toruń
81%
II Liga Olimpia Grudziądz
50%
III Liga Wda Świecie
31%
IV Liga Lech Rypin
25%
IV Liga Sparta Brodnica
25%
III Liga Tłuchowia Tłuchowo
25%
IV Liga Chemik Bydgoszcz
19%
IV Liga Kujawiak Kowal
19%
IV Liga Pogoń Mogilno
19%
IV Liga Unia Wąbrzeźno
19%
IV Liga Cuiavia Inowrocław
13%
IV Liga Łokietek Brześć Kujawski
13%
IV Liga Mustang Ostaszewo
13%
IV Liga Unia Gniewkowo
13%
IV Liga Unia Solec Kujawski
13%
IV Liga Wisła Dobrzyń
13%
IV Liga Noteć Łabiszyn
6%
IV Liga Orlęta Aleksandrów Kujawski
6%
IV Liga Piast Kołodziejowo
6%
IV Liga Start Pruszcz
6%
IV Liga Victoria Czernikowo
6%
Nie znaleziono quizów pasujących do podanych kryteriów
Rozkład punktacji
Procent ludzi z każdym wynikiem
Percentyl według liczby udzielonych odpowiedzi
Twoja historia wyników
Nie rozwiązałeś tego quizu od ostatniego zresetowania